000 00624nam a2200229Ia 4500
003 OSt
005 20220928113657.0
006 a|||||r|||| 00| 0
007 ta
008 220927b |||||||| |||| 00| 0 eng d
024 _a39162
037 _cTextual
040 _aSDCL
_cSDCL
_beng
041 _2eng
_aeng
082 _aV2:9'N96<N52, N7
100 _aRay Ajin
_9434434
245 0 _aElections
_b Democratic miracle ,1952-1996
260 _aAllahabad
_bHorizon Publishers
_c1997
300 _avii,283p
_ccm.
942 _hV2:9'N96<N52, N7
_cTEXL
_2CC
999 _c750771
_d750771